P and I clubs : (Record no. 2995)

000 -LEADER
fixed length control field 02451cam a2200445Ii 4500
008 - FIXED-LENGTH DATA ELEMENTS--GENERAL INFORMATION
fixed length control field 180706s2010 enk ob 001 0 eng d
020 ## - INTERNATIONAL STANDARD BOOK NUMBER
International Standard Book Number 9780203720936
Qualifying information (e-book : PDF)
020 ## - INTERNATIONAL STANDARD BOOK NUMBER
International Standard Book Number 9781135117757
Qualifying information (e-book: PDF)
020 ## - INTERNATIONAL STANDARD BOOK NUMBER
International Standard Book Number 9781135117825
Qualifying information (e-book: ePub)
020 ## - INTERNATIONAL STANDARD BOOK NUMBER
International Standard Book Number 9781135117894
Qualifying information (e-book: Mobi)
020 ## - INTERNATIONAL STANDARD BOOK NUMBER
Qualifying information (hardback)
040 ## - CATALOGING SOURCE
Original cataloging agency IMU Kochi Library
Language of cataloging eng
040 ## - CATALOGING SOURCE
Original cataloging agency
Description conventions rda
041 0# - LANGUAGE CODE
Language code of text/sound track or separate title eng
082 04 - DEWEY DECIMAL CLASSIFICATION NUMBER
Classification number 346.4108622
Item number H429
100 1# - MAIN ENTRY--PERSONAL NAME
Personal name Hazelwood, Steven J.,
245 10 - TITLE STATEMENT
Title P and I clubs :
Sub Title law and practice /
246 3# - VARYING FORM OF TITLE
Title proper/short title P and I clubs
250 ## - EDITION STATEMENT
Edition statement Fourth edition.
300 ## - PHYSICAL DESCRIPTION
Extent 1 online resource (xlviii, 472 pages)
490 1# - SERIES STATEMENT
Series statement Lloyd's shipping law library
505 0# - FORMATTED CONTENTS NOTE
Formatted contents note 1. Introduction and history -- 2. Structure of a modern P&I club -- 3. Directors and managers discretion -- 4. Entry -- 5. The contract of membership -- 6. Club membership -- 7. Underwriting -- 8. Calls and club funds -- 9. Introduction to P&I cover -- 10. Risks covered -- 11. Warranties and club cover -- 12. General exceptions and limitations to club cover -- 13. Claims : the role of the club -- 14. Security : club letters of undertaking -- 15. The inter-club nype agreement -- 16. The club's right of subrogation -- 17. Direct action against P&I clubs -- 18. Notification of claims -- 19. The member's duty to sue and labour -- 20. The "pay to be paid" rule -- 21. Disputes and jurisdiction clauses -- 22. Duration of club cover -- 23. Termination of club membership -- 24. P&I club reinsurance and the international group of P&I clubs -- 25. Charterers' P&I cover -- 26. Defence cover -- 27. Direct liability under international convention certificates -- 28. Recommended clauses.
650 #0 - SUBJECT ADDED ENTRY--TOPICAL TERM
Topical term or geographic name as entry element Marine insurance.
650 #0 - SUBJECT ADDED ENTRY--TOPICAL TERM
Topical term or geographic name as entry element Fraternal insurance
General subdivision Law and legislation.
650 #0 - SUBJECT ADDED ENTRY--TOPICAL TERM
Topical term or geographic name as entry element Marine insurance
Geographic subdivision Great Britain.
650 #0 - SUBJECT ADDED ENTRY--TOPICAL TERM
Topical term or geographic name as entry element Fraternal insurance
General subdivision Law and legislation
Geographic subdivision Great Britain.
650 #0 - SUBJECT ADDED ENTRY--TOPICAL TERM
Topical term or geographic name as entry element Shipping.
700 1# - ADDED ENTRY--PERSONAL NAME
Personal name Semark, David.
830 #0 - SERIES ADDED ENTRY--UNIFORM TITLE
Uniform title Lloyd's shipping law library.
856 40 - ELECTRONIC LOCATION AND ACCESS
Uniform Resource Identifier <a href="https://www.taylorfrancis.com/books/9781135117757">https://www.taylorfrancis.com/books/9781135117757</a>
Public note Click here to view.
904 ## - LOCAL DATA ELEMENT D, LDD (RLIN)
CATALOGER Rudra Ranjan
905 ## - LOCAL DATA ELEMENT E, LDE (RLIN)
VERIFIER Rudra Ranjan
942 ## - ADDED ENTRY ELEMENTS (KOHA)
Item type E-Book
264 #1 -
-- London :
-- Lloyd's List,
-- 2010.
336 ## -
-- text
-- rdacontent
337 ## -
-- computer
-- rdamedia
338 ## -
-- online resource
-- rdacarrier

No items available.



Copyright © All Rights Reserved by Indian Maritime University, Kochi Campus.
For any Suggestions/Query Contact to library or Email: library.kochi@imu.ac.in Ph:(0484)-2989402
(Web OPAC Designed by Rudra Ranjan. Maintained by IMU Kochi Library)

Powered by Koha